| 000 | 00412cam a22001097a 4500 | ||
|---|---|---|---|
| 008 | 180718b1960 xxu||||| |||| 00| 0 eng d | ||
| 082 | _aG5x5452 M267C | ||
| 245 |
_aThe Madras council rules under clause (1) of article 208 of the constitution _cby Legislative Council Department, Madras |
||
| 260 |
_aMadras _bLegislative Council Department _c1960 |
||
| 300 | _a39+p | ||
| 700 | _aMadras. Legislative Council Department | ||
| 999 |
_c491044 _d491044 |
||